00303nam a2200109Ia 4500008004100000041000800041100001800049245004800067260004200115650001500157999002100172240109s9999 xx 000 0 und d aeng aJerome Karter aManagement Oriented Mgt Information Systems bPrentice Hall of India Ltd New Delhi  aManagement c1021272d1021272